NFL Teams With Most Followers on TikTok - Statistics

General Stats
  • This quiz has been taken 419 times
    7 since last reset
  • The average score is 9 of 10
Answer Stats
Number of Followers NFL Team % Correct
2.9M Dallas Cowboys
100%
3.0M Detroit Lions
100%
5.3M Kansas City Chiefs
100%
2.1M New England Patriots
100%
4.2M Philadelphia Eagles
100%
2.6M Pittsburgh Steelers
100%
2.3M Cincinnati Bengals
86%
2.1M Baltimore Ravens
71%
2.4M San Francisco 49ers
71%
2.7M Buffalo Bills
57%
No matching quizzes found
Score Distribution
Percent of People with Each Score
Percentile by Number Answered
Your Score History
You have not taken this quiz since the last reset